000 01009nam a2200265 i 4500
001 15936
003 ES-MaACL
005 20250731005147.0
007 t|
008 000524s1999 sp ||||1| spa d
020 _a84-95265-10-9
080 _a261.7(460)"19"
080 _a348.711.4(460)"19"
100 1 _aVázquez García-Peñuela, José María.
_9113445
245 1 3 _aEl intento concordatario de la Segunda República /
_cJosé María Vázquez García-Peñuela.
260 _aMadrid :
_bMinisterio de Asuntos Exteriores, Secretaría General Técnica,
_c[1999]
300 _a251 p. ;
_c25 cm.
490 1 _aBiblioteca diplomática española. Sección Estudios ;
_v19
650 4 _aIglesia y Estado-
_zEspaña-
_yS.XX.
_913561
650 1 4 _aConcordatos-
_zEspaña-
_yS.XX.
_911250
710 2 _aEspaña.
_bMinisterio de Asuntos Exteriores.
_93845
830 0 0 _aBiblioteca diplomática española.
_pEstudios
_v19
_9179518
852 _aES-MaACL
_jL-22826
_bR.128197
999 _c15936
_d15936